Todos os Bolas de Ouro do Brasileirão desde 1973 - Statistics

Estatísticas Gerais
  • Esse quiz foi jogado 62 vezes
    47 desde o último reset
  • A pontuação média é 28 de 54
Estatísticas das Respostas
Hint Resposta Time % Correto
2025 Giorgian de Arrascaeta Flamengo
98%
2019 Gabriel Barbosa Flamengo
90%
2021 Hulk Atlético Mineiro
90%
2011 Neymar Santos
90%
2012 Ronaldinho Gaúcho Atlético Mineiro
90%
1974 Zico Flamengo
86%
1982 Zico Flamengo
86%
2000 Romário Vasco da Gama
83%
2023 Luis Suárez Grêmio
81%
1997 Edmundo Vasco da Gama
79%
2009 Adriano Flamengo
76%
2020 Claudinho Bragantino
76%
2013 Éverton Ribeiro Cruzeiro
76%
2017 Corinthians
76%
2014 Ricardo Goulart Cruzeiro
76%
2003 Alex Cruzeiro
74%
2005 Carlos Tévez Corinthians
74%
2018 Dudu Palmeiras
74%
2004 Robinho Santos
74%
2010 Darío Conca Fluminense
69%
2024 Estêvão Palmeiras
67%
1978 Falcão Internacional
67%
1979 Falcão Internacional
67%
2008 Rogério Ceni São Paulo
64%
1986 Careca São Paulo
60%
2015 Renato Augusto Corinthians
60%
1987 Renato Gaúcho Flamengo
60%
1998 Edílson Corinthians
57%
2002 Kaká São Paulo
57%
1999 Marcelinho Carioca Corinthians
57%
2016 Gabriel Jesus Palmeiras
55%
2007 Thiago Neves Fluminense
55%
2022 Gustavo Scarpa Palmeiras
48%
1996 Djalminha Palmeiras
43%
1992 Júnior Flamengo
43%
1995 Giovanni Santos
36%
2001 Alex Mineiro Athletico Paranaense
33%
2006 Lucas Leiva Grêmio
29%
1994 Amoroso Guarani
24%
1976 Elías Figueroa Internacional
24%
1988 Taffarel Internacional
21%
1990 César Sampaio Santos
19%
1993 César Sampaio Palmeiras
19%
1977 Toninho Cerezo Atlético Mineiro
17%
1980 Toninho Cerezo Atlético Mineiro
17%
1985 Marinho Bangu
12%
1991 Mauro Silva Bragantino
12%
1981 Paulo Isidoro Grêmio
7%
1973 Agustín Cejas Santos
5%
1973 Atílio Ancheta Grêmio
5%
1989 Ricardo Rocha São Paulo
5%
1983 Roberto Costa Athletico Paranaense
5%
1984 Roberto Costa Vasco da Gama
5%
1975 Waldir Peres São Paulo
2%
Nenhum quiz correspondente encontrado
Distribuição das Pontuações
Porcentagem de Pessoas com Cada Pontuação
Percentil de Números Respondidos
Sua Pontuação Histórica
Você não jogou esse quiz desde o último reset